|
|
|
|
| LEADER |
02468nam a2200409 a 4500 |
| 001 |
33213 |
| 003 |
BD-DhAAL |
| 005 |
20250822192521.0 |
| 008 |
180630r20162013ohua b 001 0 eng d |
| 010 |
|
|
|a 2008941113
|
| 016 |
7 |
|
|a 014932705
|2 Uk
|
| 020 |
|
|
|a 9788131526637
|
| 020 |
|
|
|a 9788131526631
|
| 040 |
|
|
|a UKM
|c UKM
|d YDXCP
|d UVU
|d CUY
|d TOH
|d SINLB
|d DLC
|d DB-DhAAL
|d DB-DhAAL
|
| 082 |
0 |
4 |
|a 658.15
|2 22
|
| 100 |
1 |
|
|a Brigham, Eugene F.,
|d 1930-
|9 26388
|
| 245 |
1 |
0 |
|a Fundamentals of financial management /
|c Eugene F. Brigham and Joel F. Houston
|
| 250 |
|
|
|a Thirteen edition.
|
| 260 |
|
|
|a Mason, Ohio :
|b South-Western Cengage Learning,
|c c2013 [reprinted 2016].
|
| 300 |
|
|
|a xxiii,733 pages :
|b illustrations ;
|c 28 cm.
|
| 500 |
|
|
|a Thomson One access code card inserted to provide access to online resources: current and past company data, financial analyst data and forecasts, SEC disclosure statements, etc.
|
| 504 |
|
|
|a Includes bibliographical references and index.
|
| 520 |
|
|
|a With the same contemporary approach and dynamic examples that made previous editions so popular, this fully revised thirteenth edition of FUNDAMENTALS OF FINANCIAL MANAGEMENT continues to provide students with a focused understanding of today's corporate finance and financial management.
|
| 526 |
|
|
|a AAL
|
| 541 |
1 |
|
|a STS International
|e 33213, 33214, 33215
|
| 650 |
|
0 |
|a Corporations
|x Finance.
|9 26389
|
| 650 |
|
0 |
|a Corporations
|x Finance
|v Problems, exercises, etc.
|9 26390
|
| 650 |
|
0 |
|a Business enterprises
|z United States
|x Finance.
|9 26391
|
| 650 |
|
0 |
|a Business enterprises
|z United States
|x Finance
|v Problems, exercises, etc.
|9 26392
|
| 650 |
|
0 |
|a Finance.
|
| 700 |
1 |
|
|a Houston, Joel F.
|9 26393
|
| 852 |
4 |
|
|a Ayesha Abed Library
|j General Stacks
|
| 942 |
0 |
0 |
|0 5
|2 ddc
|c BK
|
| 999 |
|
|
|c 39512
|d 39512
|
| 952 |
|
|
|0 0
|1 0
|2 ddc
|4 0
|6 658_150000000000000_BRI
|7 0
|9 63529
|a BRACUL
|b BRACUL
|c GEN
|d 2018-06-26
|e STS International
|g 1350.00
|l 11
|m 161
|o 658.15 BRI
|p 3010033213
|q 2025-10-08
|r 2024-03-21
|s 2024-03-21
|t 1
|v 1350.00
|w 2018-06-26
|y BK
|
| 952 |
|
|
|0 0
|1 0
|2 ddc
|4 0
|6 658_150000000000000_BRI
|7 0
|9 64409
|a BRACUL
|b BRACUL
|c GEN
|d 2018-09-17
|e STS International
|g 1350.00
|l 22
|m 190
|o 658.15 BRI
|p 3010033214
|q 2026-09-20
|r 2026-05-21
|s 2026-05-21
|t 2
|w 2018-09-17
|y BK
|x BUL/SI/029/18 (249)
|
| 952 |
|
|
|0 0
|1 0
|2 ddc
|4 0
|6 658_150000000000000_BRI
|7 0
|9 64410
|a BRACUL
|b BRACUL
|c GEN
|d 2018-09-17
|e STS International
|g 1350.00
|l 23
|m 159
|o 658.15 BRI
|p 3010033215
|r 2026-05-21
|s 2026-02-01
|t 3
|w 2018-09-17
|y BK
|x BUL/SI/029/18 (249)
|